| 000 | 00645nam a2200229 a 4500 | ||
|---|---|---|---|
| 001 | 000038609 | ||
| 003 | DO-SdBNP | ||
| 005 | 20240405200859.0 | ||
| 007 | ta | ||
| 008 | 130416s1984 dr a r 000 0 spa d | ||
| 040 |
_aDO-SdBNP _bspa _cBNPHU |
||
| 082 | 4 |
_a301 _bC334h 1984 _222 |
|
| 100 | 1 |
_aCasado M., Lucio _936878 |
|
| 245 | 1 | 0 |
_aHombre y sociedad / _cLucio Casado M. |
| 260 |
_aSanto Domingo : _b[s.n.], _c1984. |
||
| 300 |
_a328 p. : _bilustraciones; _c22 cm. |
||
| 590 | _aInventariado, 2021 / DG | ||
| 650 | 4 |
_aAntropología social _92424 |
|
| 650 | 0 |
_aClases sociales _91062 |
|
| 910 | _aV/M. Validado 2022 /MFF | ||
| 942 |
_2ddc _cLBS1 |
||
| 999 |
_c38099 _d38099 |
||